[Event "Indonesia Open 2013"]
[Site "Jakarta INA"]
[Date "2013.10.16"]
[Round "9.52"]
[White "Firdaus, Maksum"]
[Black "Capitelli, Paolo"]
[Result "0-1"]
[WhiteTitle "FM"]
[WhiteElo "2257"]
[BlackElo "2089"]
[WhiteFideId "7100833"]
[BlackFideId "809330"]
[EventDate "2013.10.10"]

1. c4 Nf6 2. Nc3 g6 3. d4 Bg7 4. e4 d6 5. f4 c5 6. d5 O-O 7. Nf3 e6 8. Be2 exd5
9. cxd5 Re8 10. e5 dxe5 11. fxe5 Ng4 12. O-O Nxe5 13. Bf4 Nbd7 14. d6 Nxf3+ 15.
Bxf3 Ne5 16. Bd5 Be6 17. Nb5 Nd7 18. Nc7 Bd4+ 19. Kh1 Bxd5 20. Nxd5 Ne5 21. Nc7
Qxd6 22. Nxe8 Rxe8 23. Qa4 Qc6 24. Qc2 Qb5 25. Rab1 Ng4 26. h3 Re2 27. a4 Qa6
28. Qb3 Qc6 29. Qg3 Nf2+ 30. Kh2 Nd3 31. Bb8 Nxb2 32. Rf3 Nc4 33. Re1 Qe8 34.
Rxe2 Qxe2 35. Qf4 Ne5 36. Rf1 a6 37. Kh1 f5 38. Ba7 Be3 39. Bxc5 Bxf4 40. Rxf4
Nd3 41. Rc4 Nf2+ 42. Bxf2 Qxc4 43. a5 g5 44. Bb6 g4 45. hxg4 fxg4 46. Kh2 Qf4+
47. g3 Qf3 48. Bc7 Kf7 49. Kg1 h5 50. Kh2 h4 51. gxh4 Qf2+ 52. Kh1 g3 53. Bxg3
Qxg3 54. h5 Qh4+ 55. Kg2 0-1

[Event "Indonesia Open 2013"]
[Site "Jakarta INA"]
[Date "2013.10.16"]
[Round "9.53"]
[White "Fauzan, M"]
[Black "Brokko, Margit"]
[Result "1/2-1/2"]
[BlackTitle "WFM"]
[WhiteElo "2221"]
[BlackElo "2073"]
[WhiteFideId "7105142"]
[BlackFideId "4501098"]
[EventDate "2013.10.10"]

1. e4 c5 2. Nf3 d6 3. c3 Nf6 4. Bd3 g6 5. Bc2 Bg7 6. O-O O-O 7. h3 e5 8. d3 Nc6
9. Be3 Qe7 10. Re1 d5 11. Qc1 Re8 12. Bg5 Be6 13. Ba4 Qc7 14. c4 d4 15. Na3 Bd7
16. Nc2 a6 17. Qd2 Rab8 18. Bxc6 Bxc6 19. Rac1 Qd6 20. Ra1 Qc7 21. Rac1 Qd6 22.
Ra1 Qc7 23. Rac1 Qd6 1/2-1/2

[Event "Indonesia Open 2013"]
[Site "Jakarta INA"]
[Date "2013.10.16"]
[Round "9.54"]
[White "Sucipto, Haryadi"]
[Black "Lim, Kian Hwa"]
[Result "1-0"]
[WhiteElo "2219"]
[BlackElo "1902"]
[WhiteFideId "7100779"]
[BlackFideId "5700744"]
[EventDate "2013.10.10"]

1. e4 e5 2. Nf3 Nc6 3. d4 exd4 4. Nxd4 d6 5. Nc3 Nf6 6. Be2 Be7 7. O-O O-O 8.
Be3 Bd7 9. g4 Nxd4 10. Bxd4 c5 11. Bxf6 gxf6 12. Qd5 Qc8 13. Qh5 Be6 14. f4 Kh8
15. f5 Bd7 16. Nd5 Qd8 17. Rf3 Rg8 18. Kh1 Bc6 19. Qxf7 Rg7 20. Qh5 1-0

[Event "Indonesia Open 2013"]
[Site "Jakarta INA"]
[Date "2013.10.16"]
[Round "10.2"]
[White "Moiseenko, Alexander"]
[Black "Ganguly, Surya Shekhar"]
[Result "1-0"]
[WhiteTitle "GM"]
[BlackTitle "GM"]
[WhiteElo "2703"]
[BlackElo "2639"]
[WhiteFideId "14102560"]
[BlackFideId "5002150"]
[EventDate "2013.10.10"]

1. d4 d5 2. c4 dxc4 3. e4 Nf6 4. e5 Nd5 5. Bxc4 Nb6 6. Bd3 Nc6 7. Ne2 Bg4 8. Be3
Qd7 9. Nbc3 O-O-O 10. O-O e6 11. a4 a6 12. Be4 Nb4 13. Qb3 N6d5 14. Rfc1 f6 15.
h3 Bh5 16. exf6 gxf6 17. Nf4 Bf7 18. Ncxd5 Nxd5 19. Bxd5 exd5 20. Nd3 Qf5 21.
Qb6 Bd6 22. Rxc7+ Bxc7 23. Rc1 Rd7 24. Bf4 Qxf4 25. Nxf4 Kb8 26. Qxf6 Rc8 27.
Nd3 Bg6 28. Ne5 Rdd8 29. b4 Be8 30. a5 Bb5 31. Rxc7 Kxc7 32. Nf7 Rf8 33. Qd6# 1-0

[Event "Indonesia Open 2013"]
[Site "Jakarta INA"]
[Date "2013.10.16"]
[Round "10.3"]
[White "Mareco, Sandro"]
[Black "Short, Nigel D"]
[Result "1/2-1/2"]
[WhiteTitle "GM"]
[BlackTitle "GM"]
[WhiteElo "2565"]
[BlackElo "2684"]
[WhiteFideId "112275"]
[BlackFideId "400025"]
[EventDate "2013.10.10"]

1. d4 e6 2. c4 b6 3. a3 c5 4. d5 exd5 5. cxd5 d6 6. Nc3 g6 7. Bf4 a6 8. e4 Bg7
9. Bd3 Nf6 10. h3 O-O 11. Nf3 Nh5 12. Bh2 Qf6 13. Qd2 Nd7 14. O-O b5 15. Rfe1
Ne5 16. Be2 Bd7 17. Nxe5 dxe5 18. Bg4 Qd6 19. Bxd7 Qxd7 20. a4 c4 21. d6 b4 22.
Nd1 Nf4 23. Bxf4 exf4 24. Qxb4 Be5 25. Qxc4 Qxd6 26. Nc3 Rfc8 27. Qd5 Qf6 28.
Qd3 Bxc3 29. bxc3 Rxc3 30. Qd2 Rc4 31. Ra3 Rd8 32. e5 Qe7 33. Qb2 Re8 34. e6
fxe6 35. Rb3 Qg7 36. Rxe6 Rxe6 37. Rb8+ Qf8 38. Rxf8+ Kxf8 39. Qh8+ Ke7 40.
Qxh7+ Kd6 41. a5 Kc5 42. Qb7 Rc6 43. h4 Kd4 44. Qb2+ Kd3 45. Qb3+ Ke4 46. Kh2
R4c5 47. Qb4+ Kf5 48. f3 Re5 1/2-1/2

[Event "Indonesia Open 2013"]
[Site "Jakarta INA"]
[Date "2013.10.16"]
[Round "10.4"]
[White "Gopal, G.N."]
[Black "Nguyen, Ngoc Truong Son"]
[Result "1-0"]
[WhiteTitle "GM"]
[BlackTitle "GM"]
[WhiteElo "2527"]
[BlackElo "2629"]
[WhiteFideId "5015693"]
[BlackFideId "12401110"]
[EventDate "2013.10.10"]

1. e4 e5 2. Nf3 Nc6 3. Bb5 Nf6 4. d3 d6 5. O-O Bd7 6. c3 g6 7. Nbd2 Bg7 8. Re1
O-O 9. h3 a6 10. Ba4 b5 11. Bc2 b4 12. Nc4 Rb8 13. Ne3 Re8 14. Bd2 bxc3 15. bxc3
Nh5 16. Nd5 Ne7 17. Bb3 Nxd5 18. Bxd5 Nf6 19. Bb3 Bc6 20. Qc2 Qd7 21. Rab1 h6
22. c4 Kh7 23. Bc3 Nh5 24. d4 exd4 25. Nxd4 Rf8 26. Rbd1 Qe8 27. Ba5 Rc8 28. c5
Nf4 29. Qd2 Bxd4 30. Qxd4 Qe5 31. Bc3 Qxd4 32. Bxd4 Rce8 33. f3 f5 34. cxd6 cxd6
35. Rc1 Bd7 36. exf5 gxf5 37. Rxe8 Rxe8 38. Rc7 Re7 39. Bf6 Re1+ 40. Kh2 Kg6 41.
Bh4 Re2 42. Rxd7 Rxg2+ 43. Kh1 Rb2 44. Rxd6+ Kh7 45. Bf6 Rf2 46. Bd4 Rxf3 47.
Rd7+ Kg6 48. Rg7+ 1-0

[Event "Indonesia Open 2013"]
[Site "Jakarta INA"]
[Date "2013.10.16"]
[Round "10.5"]
[White "Dao, Thien Hai"]
[Black "Gupta, Abhijeet"]
[Result "1/2-1/2"]
[WhiteTitle "GM"]
[BlackTitle "GM"]
[WhiteElo "2500"]
[BlackElo "2593"]
[WhiteFideId "12400084"]
[BlackFideId "5010608"]
[EventDate "2013.10.10"]

1. d4 d5 2. c4 c6 3. cxd5 cxd5 4. Nc3 Nc6 5. Nf3 Nf6 6. Bf4 Bf5 7. e3 e6 8. Bd3
Bxd3 9. Qxd3 Bd6 10. Bxd6 Qxd6 11. O-O O-O 12. Rfc1 Nb4 13. Qd1 Nc6 14. Qd3 Nb4
15. Qd1 Nc6 16. Qd3 Nb4 17. Qd1 1/2-1/2

[Event "Indonesia Open 2013"]
[Site "Jakarta INA"]
[Date "2013.10.16"]
[Round "10.6"]
[White "Malakhatko, Vadim"]
[Black "Barbosa, Oliver"]
[Result "1/2-1/2"]
[WhiteTitle "GM"]
[BlackTitle "GM"]
[WhiteElo "2519"]
[BlackElo "2567"]
[WhiteFideId "14104202"]
[BlackFideId "5201640"]
[EventDate "2013.10.10"]

1. c4 c6 2. Nf3 d5 3. e3 Nf6 4. Nc3 Bg4 5. cxd5 Bxf3 6. Qxf3 cxd5 7. d4 Nc6 8.
Bd3 e6 9. O-O Bd6 10. Rd1 O-O 11. Bf1 Rc8 12. Bd2 a6 13. Be1 b5 14. Qe2 Qc7 15.
g3 Rfd8 16. Rac1 Qb6 17. a4 b4 18. Nb1 Nb8 19. Nd2 Qa5 20. Rxc8 Rxc8 21. Ra1 Rc6
22. Nb3 Qc7 23. Qd1 h5 24. Rc1 h4 25. Bd3 hxg3 26. hxg3 Kf8 27. Rc2 Nfd7 28.
Rxc6 Qxc6 29. a5 g6 30. Qb1 Ke7 31. e4 dxe4 32. Bxe4 Qa4 33. Qd3 Nf6 34. Bf3 Ne8
35. Nc5 Qxa5 36. Nb7 Qa1 37. Nc5 Qa5 38. Qc4 Qa1 39. Qxb4 Nd7 40. Kg2 1/2-1/2

[Event "Indonesia Open 2013"]
[Site "Jakarta INA"]
[Date "2013.10.16"]
[Round "10.7"]
[White "Laylo, Darwin"]
[Black "Shyam, Sundar M."]
[Result "1/2-1/2"]
[WhiteTitle "GM"]
[BlackTitle "GM"]
[WhiteElo "2497"]
[BlackElo "2536"]
[WhiteFideId "5201330"]
[BlackFideId "5019141"]
[EventDate "2013.10.10"]

1. d4 Nf6 2. Nf3 e6 3. c4 Bb4+ 4. Nbd2 d5 5. a3 Be7 6. Qc2 O-O 7. e4 dxe4 8.
Nxe4 Nc6 9. Be3 Nxe4 10. Qxe4 f5 11. Qd3 Bf6 12. O-O-O b5 13. d5 bxc4 14. Qxc4
Na5 15. Qa4 c5 16. Bxc5 Qc7 17. b4 Bd7 18. Qc2 Rfc8 19. Ba6 Nb7 20. Kb1 Rab8 21.
Bxb7 Rxb7 22. Rc1 Qf4 23. Qb3 Qe4+ 24. Ka2 Qe2+ 25. Rc2 Qa6 26. d6 Re8 27. Re1
Ba4 28. Qc4 Bb5 29. Qb3 Ba4 30. Qc4 Bb5 1/2-1/2

[Event "Indonesia Open 2013"]
[Site "Jakarta INA"]
[Date "2013.10.16"]
[Round "10.8"]
[White "Batchuluun, Tsegmed"]
[Black "Vaibhav, Suri"]
[Result "1/2-1/2"]
[WhiteTitle "GM"]
[BlackTitle "GM"]
[WhiteElo "2529"]
[BlackElo "2527"]
[WhiteFideId "4900847"]
[BlackFideId "5045185"]
[EventDate "2013.10.10"]

1. d4 Nf6 2. c4 e6 3. Nc3 Bb4 4. f3 c5 5. d5 b5 6. e4 O-O 7. e5 Ne8 8. f4 exd5
9. cxd5 d6 10. Nf3 dxe5 11. fxe5 Bb7 12. Bxb5 Nc7 13. Bd3 Nxd5 14. O-O Nxc3 15.
bxc3 Bxc3 16. Rb1 Ba6 17. Be4 Bxf1 18. Qxd8 Rxd8 19. Kxf1 Nd7 20. Bxa8 Rxa8 21.
Rb3 Bd4 22. Nxd4 cxd4 23. Bb2 Nc5 24. Rb4 Nd3 25. Rb7 Nxb2 26. Rxb2 Kf8 27. Rb7
a6 28. Rb6 Re8 29. Rxa6 Rxe5 30. Rd6 Re4 31. a4 Ke7 32. Rd5 Ke6 33. Rd8 Rf4+ 34.
Ke2 Ke5 35. a5 Rf6 36. Kd3 Ra6 37. Re8+ Kf5 38. Rg8 g5 39. Rg7 f6 40. Kxd4 Rxa5
41. Ke3 h5 42. Rb7 Ra2 43. Rb5+ Kg6 44. Kf3 g4+ 45. Kg3 f5 46. h3 Kg5 47. hxg4
hxg4 48. Rc5 Rd2 49. Ra5 Kf6 50. Kf4 Rf2+ 51. Kg3 Rf1 52. Kh2 Rf2 53. Kg3 Rc2
54. Kf4 Rc4+ 55. Kg3 Kg5 56. Rb5 Rc3+ 57. Kf2 g3+ 58. Ke2 Kg4 59. Rb4+ f4 60.
Rb8 Rc2+ 61. Kf1 Rc1+ 62. Ke2 f3+ 63. gxf3+ Kh3 64. Rh8+ Kg2 65. f4 Rc2+ 66. Ke3
Rf2 67. Ke4 Rf3 68. f5 Kf2 69. Ke5 g2 70. Rh2 Kg3 71. Rxg2+ Kxg2 72. f6 Rxf6 73.
Kxf6 1/2-1/2

[Event "Indonesia Open 2013"]
[Site "Jakarta INA"]
[Date "2013.10.16"]
[Round "10.9"]
[White "Paehtz, Elisabeth"]
[Black "Megaranto, Susanto"]
[Result "1/2-1/2"]
[WhiteTitle "IM"]
[BlackTitle "GM"]
[WhiteElo "2440"]
[BlackElo "2528"]
[WhiteFideId "4641833"]
[BlackFideId "7101384"]
[EventDate "2013.10.10"]

1. e4 e5 2. Nf3 Nc6 3. Bc4 Bc5 4. c3 Nf6 5. d3 d6 6. Bb3 a6 7. O-O Ba7 8. Be3 h6
9. Nbd2 O-O 10. Bxa7 Rxa7 11. Re1 Ne7 12. d4 Ng6 13. Nf1 Ra8 14. Ng3 Re8 15. h3
Be6 16. Bxe6 Rxe6 17. Qb3 Rb8 18. Rad1 Qe8 19. dxe5 dxe5 20. Rd2 Rb6 21. Qc4 Rc6
22. Qb3 Rb6 23. Qc4 Rc6 24. Qb3 Rb6 25. Qc4 Rc6 1/2-1/2

[Event "Indonesia Open 2013"]
[Site "Jakarta INA"]
[Date "2013.10.16"]
[Round "10.10"]
[White "Sokolov, Ivan"]
[Black "Cao, Sang"]
[Result "1/2-1/2"]
[WhiteTitle "GM"]
[BlackTitle "GM"]
[WhiteElo "2636"]
[BlackElo "2485"]
[WhiteFideId "14400030"]
[BlackFideId "725056"]
[EventDate "2013.10.10"]

1. d4 Nf6 2. c4 e6 3. Nc3 Bb4 4. e3 c5 5. Ne2 cxd4 6. exd4 d5 7. a3 Be7 8. Nf4
O-O 9. cxd5 Nxd5 10. Ncxd5 exd5 11. Bd3 Nc6 12. O-O Bf6 13. Be3 g6 14. Be2 Qd6
15. Qd2 Be6 16. Rac1 Rac8 17. h3 Ne7 18. Nxe6 fxe6 19. g4 Nc6 20. b4 a6 21. f4
Rc7 22. Kg2 Bh4 23. Rf3 Rcf7 24. Rcf1 Ne7 25. Kh1 Qd7 26. Bd3 Bf6 27. Qe2 Bg7
28. Bc2 Nc6 29. Qd1 Qe7 30. Kg2 Na7 31. Bd3 Nc8 32. Qe2 Nd6 33. Bg1 Qd7 34. Re1
Rxf4 35. Rxf4 Rxf4 36. Qxe6+ Qxe6 37. Rxe6 Nc4 38. Re8+ Rf8 39. Re7 Rf7 40. Re8+
Rf8 1/2-1/2

[Event "Indonesia Open 2013"]
[Site "Jakarta INA"]
[Date "2013.10.16"]
[Round "10.11"]
[White "Gundavaa, Bayarsaikhan"]
[Black "Iturrizaga, Eduardo"]
[Result "1/2-1/2"]
[WhiteTitle "GM"]
[BlackTitle "GM"]
[WhiteElo "2500"]
[BlackElo "2658"]
[WhiteFideId "4901045"]
[BlackFideId "3901211"]
[EventDate "2013.10.10"]

1. d4 Nf6 2. c4 e6 3. Nc3 Bb4 4. Qc2 c5 5. dxc5 O-O 6. Nf3 Na6 7. g3 Nxc5 8. Bg2
b6 9. O-O Bb7 10. Nb5 Be4 11. Qd1 Nb7 12. Bf4 a6 13. Nd6 Nxd6 14. Bxd6 Bxd6 15.
Qxd6 Qb8 16. Rfd1 Rc8 17. Ne5 Bxg2 18. Kxg2 Qb7+ 19. f3 Rc7 20. b3 Ne8 21. Qd4
d6 22. Nd3 Rac8 23. Rac1 h6 24. a4 Rc6 25. Kf2 a5 26. Kg2 Kf8 27. Kf2 Kg8 28.
Kg2 Kf8 29. Kf2 Kg8 30. Kg2 1/2-1/2

[Event "Indonesia Open 2013"]
[Site "Jakarta INA"]
[Date "2013.10.16"]
[Round "10.12"]
[White "Ghaem Maghami, Ehsan"]
[Black "Ivanisevic, Ivan"]
[Result "1/2-1/2"]
[WhiteTitle "GM"]
[BlackTitle "GM"]
[WhiteElo "2556"]
[BlackElo "2632"]
[WhiteFideId "12500739"]
[BlackFideId "912417"]
[EventDate "2013.10.10"]

1. e4 c5 2. Nf3 Nc6 3. Bb5 d6 4. O-O Bd7 5. Re1 Nf6 6. c3 a6 7. Bf1 Bg4 8. h3
Bh5 9. g4 Bg6 10. d4 cxd4 11. cxd4 e5 12. Nc3 Be7 13. Nd5 Nxd5 14. exd5 Nxd4 15.
Nxd4 exd4 16. f4 f5 17. Qxd4 O-O 18. g5 Re8 19. Bd2 Bf8 20. Rxe8 Qxe8 21. Bd3
Qd7 22. a4 Rc8 23. a5 Bf7 24. b3 g6 25. Rc1 Bg7 26. Rxc8+ Qxc8 27. Qc4 Qc5+ 28.
Qxc5 dxc5 29. Bc4 Bd4+ 30. Kf1 Kf8 31. Ke2 Ke8 32. b4 Kd7 33. bxc5 Bxc5 34. Bc3
Bd6 35. Ke3 Ba3 36. Kd3 Kc8 37. Be5 Bb4 38. Bc3 Be7 39. Bf6 Bd6 40. Be5 Ba3 41.
Bc3 Be8 42. Be5 Bb5 43. Bxb5 axb5 44. Kc3 Kd7 45. Kb3 Bf8 46. Kc3 Bc5 1/2-1/2

[Event "Indonesia Open 2013"]
[Site "Jakarta INA"]
[Date "2013.10.16"]
[Round "10.13"]
[White "Vazquez Igarza, Renier"]
[Black "Gomez, John Paul"]
[Result "1/2-1/2"]
[WhiteTitle "GM"]
[BlackTitle "GM"]
[WhiteElo "2602"]
[BlackElo "2511"]
[WhiteFideId "3503054"]
[BlackFideId "5201381"]
[EventDate "2013.10.10"]

1. Nf3 d5 2. d4 Nf6 3. c4 c6 4. Nc3 dxc4 5. a4 Bf5 6. e3 e6 7. Bxc4 Bb4 8. O-O
O-O 9. Qe2 Nbd7 10. e4 Bg6 11. Bd3 Bh5 12. e5 Nd5 13. Nxd5 cxd5 14. Qe3 Be7 15.
Bd2 Nb8 16. Ne1 Bg6 17. Bxg6 fxg6 18. Nd3 Nc6 19. b4 Qb6 20. Bc3 a5 21. b5 Nb4
22. Bxb4 axb4 23. Nc5 Rfc8 24. Rac1 Rc7 25. Qh3 Bxc5 26. dxc5 Rxc5 27. Rxc5 Qxc5
28. Qxe6+ Kf8 29. Qd7 Re8 30. Qxb7 b3 31. Qc6 Qxc6 32. bxc6 Rc8 33. Rb1 Rxc6 34.
Kf1 Rb6 35. a5 Rb5 36. a6 Kf7 37. a7 Ra5 38. Rxb3 Rxa7 39. Rb6 g5 40. Rd6 Re7
41. Rxd5 Ke6 42. Ra5 Kf5 43. e6+ Kf6 1/2-1/2

[Event "Indonesia Open 2013"]
[Site "Jakarta INA"]
[Date "2013.10.16"]
[Round "10.14"]
[White "Ehlvest, Jaan"]
[Black "Khamrakulov, Djurabek"]
[Result "1/2-1/2"]
[WhiteTitle "GM"]
[BlackTitle "IM"]
[WhiteElo "2578"]
[BlackElo "2442"]
[WhiteFideId "4500016"]
[BlackFideId "14201143"]
[EventDate "2013.10.10"]

1. e4 c6 2. Nc3 d5 3. Nf3 Nf6 4. e5 Ne4 5. d4 Nxc3 6. bxc3 Bg4 7. h3 Bxf3 8.
Qxf3 e6 9. a4 a6 10. Bd2 c5 11. Rb1 Qc7 12. c4 Nc6 13. c3 dxc4 14. Bxc4 cxd4 15.
cxd4 Rd8 16. O-O Nxd4 17. Qxb7 Qxc4 18. Bg5 Rc8 19. Rfd1 Qc6 20. Rxd4 Qxb7 21.
Rxb7 Bc5 22. Rd8+ Rxd8 23. Bxd8 O-O 24. Bb6 Bxb6 25. Rxb6 g5 26. Rxa6 Rc8 27.
Rb6 Rc1+ 28. Kh2 Ra1 29. Rb4 Kg7 30. h4 h6 31. h5 Ra3 32. g3 Ra1 33. Kh3 Ra2 34.
f4 f5 35. exf6+ Kxf6 36. Kg4 gxf4 37. Kxf4 Rf2+ 38. Kg4 Ra2 39. Re4 Rh2 40. Rf4+
Kg7 41. Rb4 Ra2 42. Rb7+ Kf6 43. Ra7 Ke5 44. Ra8 Ra3 45. Kh4 Kf6 46. Rg8 Rxa4+
47. g4 e5 48. Rg6+ Kf7 49. Rxh6 e4 50. Rh7+ Ke6 51. Rh8 Kf7 52. Rb8 e3 53. Rb1
e2 54. Re1 Ra2 55. Kg5 Kg7 56. Kf5 Rb2 57. Kf4 Kh6 58. Kf3 Rb3+ 59. Kxe2 Rg3 1/2-1/2

[Event "Indonesia Open 2013"]
[Site "Jakarta INA"]
[Date "2013.10.16"]
[Round "10.16"]
[White "Salem, A.R. Saleh"]
[Black "Dimakiling, Oliver"]
[Result "1-0"]
[WhiteTitle "GM"]
[BlackTitle "IM"]
[WhiteElo "2567"]
[BlackElo "2353"]
[WhiteFideId "9301348"]
[BlackFideId "5202248"]
[EventDate "2013.10.10"]

1. d4 e6 2. c4 Bb4+ 3. Nd2 f5 4. a3 Be7 5. e4 fxe4 6. Nxe4 Nf6 7. Nxf6+ Bxf6 8.
Nf3 d5 9. Bd3 Nc6 10. Be3 O-O 11. Qc2 h6 12. O-O-O dxc4 13. Bxc4 Ne7 14. h4 Nd5
15. g4 b5 16. Ba2 Bb7 17. Ng5 hxg5 18. hxg5 Kf7 19. gxf6 Qxf6 20. Rh5 Rab8 21.
Bg5 Qf3 22. Bb1 Ne7 23. d5 Bxd5 24. Rd4 Bb3 25. Qc5 Nf5 26. Bxf5 exf5 27. Rd7+ 1-0